01079cam a22002411 4500001001300000003000400013005001700017008004100034010001700075035002000092040004600112042001200158050002700170100004500197245015800242260004300400300001900443490006500462500005700527501018400584650005200768999001700820e 19000118 DLC20260227111210.0850401s1919 dcu f000 0 eng c ae 19000118  a(OCoLC)11869491 aLibrary, U.S. Bur. of EducationcNhDdDLC apremarc00aL111b.A6 1918, no. 231 aHood, William R.q(William Ross),d1874-10aState laws relating to education,benacted in 1915, 1916, and 1917,ccomp. by William R. Hood, Division of School Administration, Bureau of Education ... aWashington,bGovt. Print. Off.,c1919. a259 p.c23 cm.0 a[United States] Bureau of Education. Bulletin,v1918, no. 23 aAt head of title: ... Department of the Interior ... aCopy 1 with: Instruction in journalism in institutions of higher education / James Melvin Lee. Washington : Govt. Print. Off., 1918. Bound together subsequent to publication.5DLC 0aEducational law and legislationzUnited States. c20284d20284